=LDR 00000nam 2200000 4500 =001 INLIS000000000050170 =005 20230525084143 =035 ##$$a 0010-041700000000360 =008 230525###########################0###### =020 ##$$a 978 -602 - 73013 - 8- 2 =040 ##$$a NBPDMAT =082 ##$$a 371.3 =090 ##$$a 371.3 Ami P =100 ##$$a Amiruddin =245 1#$$a Perencanaan Pembelajaran : $b Konsep dan Implementasi /$c Amiruddin, M.Pd =250 ##$$a Cet. 1 =260 ##$$a Yogyakaarta :$b Parama Ilmu,$c 2016 =300 ##$$a x, 200 hlm. ; $c 20,5 cm. =650 #4$$a Pembelajaran =850 ##$$a NBPDMAT =084 ##$$a 371.3 AMI p =990 ##$$a 31700883 =990 ##$$a 31700884